Minecraft Soundtrack (2021) - Statistics

General Stats
  • This quiz has been taken 115 times
    112 since last reset
  • The average score is 43 of 64
Answer Stats
Category Answer % Correct
Record Cat
89%
Record Pigstep
86%
In-Game Sweden
86%
Record Thirteen
86%
Record 11
84%
Record [Unused] Eleven
84%
In-Game/Legacy Menu Minecraft
81%
In-Game Wet Hands
81%
In-Game Dry Hands
80%
In-Game Mice on Venus
79%
Legacy Menu Moog City
77%
Record Stal
76%
End The End
76%
Creative Aria Math
74%
Record Blocks
74%
Record [Unused] Dog
74%
Record Mellohi
74%
Menu Moog City 2
74%
Unused Door
73%
In-Game Key
71%
Credits Alpha
70%
Record Chirp
70%
In-Game Danny
70%
Unused Death
70%
Record Wait/Where Are We Now
70%
Legacy Menu Beginning
69%
Unused Droopy likes your face
69%
In-Game Living Mice
69%
In-Game Oxygéne
69%
In-Game Subwoofer Lullaby
69%
In-Game Clark
67%
Aquatic Axolotl
66%
Nether Ballad Of The Cats
66%
Record Far
66%
Unused Droopy likes ricochet
64%
Record Mall
64%
Menu Beginning 2
63%
Nether Concrete Halls
63%
Unused Équinoxe
63%
Menu Mutation
63%
Creative Taswell
63%
Record Ward
63%
Aquatic Dragonfish
61%
Creative Dreiton
61%
Menu Floating Trees
61%
Record Strad
61%
Unused Chris
60%
Nether Dead Voxel
60%
In-Game Haggstrom
60%
Creative Biome Fest
59%
Nether So Below
59%
Nether Warmth
59%
Creative Blind Spots
57%
Creative Haunt Muskie
57%
Unused Ki
57%
Unused Excuse
56%
Unused Kyoto
56%
Nether Rubedo
56%
Aquatic Shuniji
56%
Nether Chrysopoeia
54%
Unused Flake
51%
Unused Intro
50%
End Boss
44%
Unused Calm 4/Mojang Specifications
33%
No matching quizzes found
Score Distribution
Percent of People with Each Score
Percentile by Number Answered
Your Score History
You have not taken this quiz since the last reset